| 000 | 00590nam a2200217 a 4500 | ||
|---|---|---|---|
| 001 | BRCA_7420 | ||
| 005 | 20190320205829.0 | ||
| 008 | 040413s1950----nyua######---#000-0#eng-# | ||
| 041 | _aeng | ||
| 044 | _anyu | ||
| 050 | 4 |
_aG440 _b.C37 1950 |
|
| 245 | 1 | 0 |
_aCapt. Joshua Slocum _bthe life and voyages of America´s best known sailor. |
| 260 |
_aNueva York _bSheridan _c1950 |
||
| 300 |
_a384 p. _bil. |
||
| 500 | _aQ155 | ||
| 600 | 1 | 4 |
_aSlocum, Joshua _918290 |
| 650 | 1 | 4 |
_aViajes alrededor del mundo _910041 |
| 650 | 1 | 4 |
_aViajeros estadounidenses _97583 |
| 902 | _aGFM | ||
| 942 |
_2lcc _cB |
||
| 999 |
_c7096 _d7096 |
||